El Bages /
Colección:
San Jorge,
; núm. 22 (abril 1956), pàg 12-15
Idioma:
Español
MARC
| LEADER | 00000naa a2200000 a 4500 | ||
|---|---|---|---|
| 003 | Arxiu | ||
| 005 | 20260324181506.0 | ||
| 008 | 160829s1956 spcaxx s spa c | ||
| 040 | |a AGDB | ||
| 100 | 1 | |a Llobet, Salvador, |d 1908-1991 |9 25877 | |
| 245 | 1 | 3 | |a El Bages / |c por Salvador Llobet |
| 490 | |a San Jorge, |v núm. 22 (abril 1956), pàg 12-15 | ||
| 500 | |a Fotografia: F. Catalá-Roca | ||
| 505 | |a Conté: Con Don Juan Prats Pons, alcalde de Manresa | ||
| 651 | 0 | |a Bages |9 50637 | |
| 651 | 0 | |a Bages (Catalunya) |9 56211 |x Descripcions i viatges | |
| 700 | 1 | |9 26722 |a Català-Roca, Francesc, |d 1922-1998 |e fotografies | |
| 700 | 1 | |a Prats Pons, Joan, |d 1893-1973 |e entrevistat |9 56213 | |
| 773 | |g Núm. 22 (abril 1956), pàg 12-15 |t San Jorge. | ||
| 901 | |a Arxiu | ||
| 942 | |n 1 |2 udc |c ART | ||
| 952 | |0 0 |1 0 |4 0 |6 REV511 |7 1 |9 66140 |a Arxiu |b Arxiu |d 2023-04-17 |l 0 |o Rev-511 |r 2023-04-17 00:00:00 |w 2023-04-17 |y ARXIU |z També disponible a Rev-525 | ||
| 999 | |c 46374 |d 46374 | ||